00601 a2200181 4500003000400000005001700004008004100021020001800062040000900080082002000089100003100109245003700140260003300177300001600210942004600226952013000272999001700402OSt20231028135926.0231028b |||||||| |||| 00| 0 eng d a9789353908829 coclc a894.8121bMUL/K aMullambath, Nandanan99794 a KOMANGA /cNandanan Mullambath aKottayam:bD C Books,c2021. a80p,c21 cm 2ddccBKh894.8121iMUL/Kk894.8121mMUL/K 00102ddc40708POEaMESbMEScMALd2023-10-28l0o894.8121 MUL/Kp43013r2023-10-28 13:59:59v110.00w2023-10-28yBKzGR2R2 c42903d42903